| Tag |
First Indicator |
Second Indicator |
Subfields |
| LEADER |
00000cam a2200000 a 4500 |
| 001 |
in00001335721 |
| 005 |
20151005091148.0 |
| 008 |
951130s1996 nbu b 000 0 eng |
| 010 |
|
|
|a 95026575
|
| 020 |
|
|
|a 0803239076 (alk. paper)
|
| 035 |
|
|
|a (OCoLC)33900001
|
| 035 |
|
|
|9 AHE2477AM
|
| 040 |
|
|
|a DLC
|c DLC
|d CPP
|d TXA
|d UtOrBLW
|
| 041 |
1 |
|
|a eng
|h dan
|h far
|h fin
|h nor
|h swe
|
| 049 |
|
|
|a TXAM
|
| 050 |
0 |
0 |
|a PT7092.E5
|b C49 1996
|
| 082 |
0 |
0 |
|a 839/.5
|2 20
|
| 245 |
0 |
0 |
|a Christmas in Scandinavia /
|c edited by Sven H. Rossel, Bo Elbrønd-Bek ; translations by David W. Colbert.
|
| 264 |
|
1 |
|a Lincoln :
|b University of Nebraska Press,
|c [1966]
|
| 264 |
|
4 |
|c ©1966
|
| 300 |
|
|
|a xv, 182 pages ;
|c 24 cm.
|
| 336 |
|
|
|a text
|b txt
|2 rdacontent
|
| 337 |
|
|
|a unmediated
|b n
|2 rdamedia
|
| 338 |
|
|
|a volume
|b nc
|2 rdacarrier
|
| 504 |
|
|
|a Includes bibliographical references (page 179).
|
| 505 |
0 |
|
|a An old-fashioned Christmas Eve / Peter Christian Asbjørnsen -- The fir tree / Hans Christian Andersen -- Karen's Christmas / Amalie Skram -- Christmas Eve in the henhouse / Sophus Schandorph -- Christmas matins in Finland's Barkbread country / Karl A. Tavaststjerna -- Before the candles go out / Hans E. Kinck -- Christmas peace / Johnannes V. Jensen -- The legend of the Christmas roses / Selma Lagerlöf -- A farm owner's Christmas Eve / Frans Eemil Sillanpää -- At the bottom of the snow ocean / Gunnar Gunnarsson -- A legend / Jakob Sande -- The Christmas basket / Fritiof Nilsson Piraten -- Advent in the thirties / Eyvind Johnson -- The white church / Heđin Brú -- The soldier's Christmas Eve / Villy Sørensen -- Born of a maid / William Heinesen -- Afterword / Bo Elbrønd-Bek.
|
| 650 |
|
0 |
|a Scandinavian literature
|x Translations into English.
|
| 650 |
|
0 |
|a Christmas
|v Literary collections.
|
| 700 |
1 |
|
|a Rossel, Sven Hakon.
|
| 700 |
1 |
|
|a Elbrønd-Bek, Bo,
|d 1946-2012.
|
| 700 |
1 |
|
|a Colbert, David W.,
|d 1939-
|
| 999 |
|
|
|a MARS
|
| 999 |
f |
f |
|s 30902ccc-c2ea-34b8-90aa-d9899ddf4c10
|i c04d1d0f-27ef-3de8-bf99-2fc2d72a4d18
|t 0
|
| 952 |
f |
f |
|p normal
|a Texas A&M University
|b College Station
|c Sterling C. Evans Library
|d Evans: Library Stacks
|t 0
|e PT7092.E5 C49 1996
|h Library of Congress classification
|i unmediated -- volume
|m A14820610652
|
| 998 |
f |
f |
|a PT7092.E5 C49 1996
|t 0
|l Evans: Library Stacks
|